Statistics for Mario Kart Wii Karts and Bikes

Click here to take the quiz!

General Stats

  • This quiz has been taken 141 times
  • The average score is 21 of 36

Answer Stats

TypeVehicles% Correct
Large BikeStandard Bike L
92%
Medium BikeStandard Bike M
92%
Small BikeStandard Bike S
92%
Large KartStandard Kart L
92%
Medium KartStandard Kart M
92%
Small KartStandard Kart S
92%
Large BikeFlame Runner
81%
Small BikeBullet Bike
74%
Medium BikeMach Bike
74%
Large BikeWario Bike
63%
Medium KartWild Wing
61%
Small BikeQuacker
57%
Small KartBooster Seat
56%
Medium BikeDolphin Dasher
54%
Small KartMini Beast
54%
Large KartFlame Flyer
53%
Large BikeSpear
53%
Small KartBlue Falcon
51%
Small BikeJet Bubble
51%
Small BikeMagikruiser
51%
Large KartOffroader
51%
Large BikePhantom
51%
Large KartPiranha Prowler
51%
Small BikeBit Bike
50%
Medium KartSuper Blooper
50%
Large BikeShooting Star
48%
Large KartHoneycoupe
46%
Small KartTiny Titan
46%
Medium KartClassic Dragster
45%
Medium KartDaytripper
45%
Small KartCheep Charger
42%
Medium BikeSugarscoot
41%
Medium BikeZip Zip
40%
Large KartJetsetter
38%
Medium BikeSneakster
38%
Medium KartSprinter
36%

Score Distribution

Percentile by Number Answered

Percent of People with Each Score

Your Score History

You have not taken this quiz